Centroamérica, México y República Dominicana
Uloženo v:
| Médium: | Text |
|---|---|
| Vydáno: |
México:
IFE. FCE
|
| Témata: | |
| Tagy: |
Přidat tag
Žádné tagy, Buďte první, kdo vytvoří štítek k tomuto záznamu!
|
MARC
| LEADER | 00000 a a2200000 04500 | ||
|---|---|---|---|
| 001 | 30577 | ||
| 003 | |||
| 040 | |||
| 020 | |a 968-16-6867-7 | ||
| 090 | |a 195216 | ||
| 245 | |a Centroamérica, México y República Dominicana | ||
| 260 | |a México: |b IFE. FCE | ||
| 300 | |a 772 p.; vol. 3 | ||
| 650 | |a PARTIDOS POLITICOS | ||
| 650 | |a HISTORIA POLITICA | ||
| 650 | |a ELECCIONES | ||
| 650 | |a FINANCIAMIENTO | ||
| 650 | |a ESTRUCTURA ORGANIZACIONAL | ||
| 650 | |a CONSERVATISMO | ||
| 650 | |a IDEOLOGIAS POLITICAS | ||
| 650 | |a PODER POLITICA | ||
| 650 | |a LIDERAZGO POLITICO | ||
| 650 | |a ELECCIONES | ||
| 650 | |a IDEOLOGIAS POLITICAS | ||
| 999 | |c 15853 |d 15853 | ||



